000 00207 a2200109 4500
020 _a9781550370959
041 _aspa
100 _aMunsch, Robert N.
245 _aAgu, Agu, Agu
942 _cBK
952 _74
999 _c19853
_d19853